000 01128nam a2200289 i 4500
003 CO-ViMGA
005 20230915224422.0
008 201217s2020 ck a|||br ||| 00| j spa d
020 _a9789585275072
040 _aCO-ViMGA
_bspa
_cCO-ViMGA
084 _aA SCH8
100 1 _aSchimel, Lawrence
_d1971-
_eautor
_9168641
245 1 1 _a¡Que suerte tengo!
_ctextos de Lawrence Schimel, ilustraciones de Juan Camilo Mayorga
250 _aEdicion especial
300 _a32 paginas sin numerar
_bilustraciones
_c23 cm
490 0 _aPlan Nacional de Lectura y Escritura Leer es mi Cuento / Ministerio de Cultura
490 0 _aPNK infantil
650 1 7 _2LEMB
_aAutores estadounidenses
_ySiglo XX
_94052
650 1 7 _2LEMB
_aCuentos infantiles estadounidenses
_ySiglo XX
_91534
650 1 7 _2LEMB
_aFamilia
_vCuentos
_9168642
650 1 7 _2LEMB
_aHermanos
_vCuentos
_9168643
650 1 7 _2LEMB
_aLiteratura infantil estadounidense
_ySiglo XX
_96137
650 1 7 _2LEMB
_aNiños y mascotas
_vCuentos
_9148134
650 1 7 _2LEMB
_aRelacion padres-hijos
_vCuentos
_9168644
700 1 _aMayorga, juan Camilo
_eilustrador
_9168645
942 _2ddc
_cBK
999 _c9156
_d9156